| 000 | 00348nam a22001457a 4500 | ||
|---|---|---|---|
| 020 | _qPB. | ||
| 040 | _cFIZZA ISHAQ | ||
| 082 |
_a624.1821 _bRAM |
||
| 100 |
_aSAI,S K RAM. _991612 |
||
| 245 |
_aDESIGN OF STEEL STRUCTURES / _cRAM K S SAI. |
||
| 250 | _a2nd ED. | ||
| 260 |
_aNEW DEHLI ; _bPEARSON, _c2013. |
||
| 300 | _a442 P. ; | ||
| 942 |
_2ddc _cBK |
||
| 999 |
_c589742 _d589742 |
||